Efectos de los terremotos de Andalucía en los edificios y medios de aminorarlos / (Record no. 163337)

MARC details
000 -LEADER
campo de control de longitud fija 01130nam a22002175i 4500
001 - NÚMERO DE CONTROL
campo de control 163337
003 - IDENTIFICADOR DE NÚMERO DE CONTROL
campo de control ES-MaACL
005 - FECHA Y HORA DE LA ÚLTIMA TRANSACCIÓN
campo de control 20250821063102.0
008 - DATOS DE LONGITUD FIJA--INFORMACIÓN GENERAL
campo de control de longitud fija 990310s1885 sp ad |||| | spa d
100 1# - ENTRADA PRINCIPAL--NOMBRE DE PERSONA
Nombre de persona Repullés y Vargas, Enrique María,
Fechas asociadas al nombre 1845-1922
9 (RLIN) 96277
245 10 - MENCIÓN DEL TÍTULO
Título Efectos de los terremotos de Andalucía en los edificios y medios de aminorarlos /
Mención de responsabilidad, etc. por el arquitecto del Ministerio de Fomento Don Enrique María Repullés y Vargas.
260 ## - PUBLICACIÓN, DISTRIBUCIÓN, ETC.
Lugar de publicación, distribución, etc. Madrid :
Nombre del editor, distribuidor, etc. [s.n.],
Fecha de publicación, distribución, etc. 1885 (
Fabricante Imp. de Fortanet)
300 ## - DESCRIPCIÓN FÍSICA
Extensión 32 p., [1] h. pleg. de lám. ;
Dimensiones 19 cm.
530 ## - NOTA DISPONIBLE DE FORMULARIO FÍSICO ADICIONAL
Nota de formato físico adicional disponible Disponible en formato digital.
599 ## - NOTA A LAS ILUSTRACIONES
NOTA A LAS ILUSTRACIONES Lám.: "Proyectos de casas económicas para lo pueblos arruinados por los terremotos"
650 #4 - PUNTO DE ACCESO ADICIONAL DE MATERIA--TÉRMINO DE MATERIA
Término de materia o nombre geográfico como elemento de entrada Terremotos-
Subdivisión geográfica Andalucía-
Subdivisión cronológica S.XIX.
9 (RLIN) 17487
650 #4 - PUNTO DE ACCESO ADICIONAL DE MATERIA--TÉRMINO DE MATERIA
Término de materia o nombre geográfico como elemento de entrada Edificios-
Subdivisión general Efectos de los terremotos.
9 (RLIN) 153906
852 4# - LOCALIZACIÓN
Ubicación ES-MaACL
Número de control de estantería T-575-F-5
Nota libre - Enc. hol., conservando la enc. original
-- - Ded. del autor al presidente de la Sección de Ciencias del Ateneo de Madrid
856 4# - LOCALIZACIÓN Y ACCESO ELECTRÓNICOS
Identificador Uniforme de Recursos <a href="http://hdl.handle.net/10481/7945 ">http://hdl.handle.net/10481/7945 </a>
Nota pública Repositorio Institucional de la Universidad de Granada
Holdings
Estatus retirado Estado de pérdida Estado de daño No para préstamo Colección Biblioteca de origen Biblioteca actual Ubicación en estantería Fecha de adquisición Total de préstamos Signatura topográfica completa Código de barras Visto por última vez Precio de reemplazo Tipo de ítem Koha
        Colección de folletos Biblioteca del Ateneo de Madrid Biblioteca del Ateneo de Madrid Depósito folletos 17/01/2008   T-575-F-5 1171162 23/02/2023 23/02/2023 Folleto